Statistics for All 118 Elements of the Periodic Table

Click here to take the quiz!

General Stats

  • This quiz has been taken 197 times
  • The average score is 51 of 118

Answer Stats

LetterAnswer% Correct
CCarbon
86%
HeHelium
85%
AlAluminum
84%
HHydrogen
84%
OOxygen
83%
FeIron
80%
ArArgon
79%
MgMagnesium
79%
AuGold
78%
NNitrogen
78%
CuCopper
76%
ClChlorine
74%
LiLithium
74%
AgSilver
74%
CaCalcium
73%
KPotassium
73%
NaSodium
73%
NeNeon
70%
XeXenon
70%
BeBeryllium
69%
BBoron
69%
ZnZinc
69%
FFlourine
68%
UUranium
68%
SSulfur
66%
KrKrypton
65%
SnTin
64%
PbLead
63%
HgMercury
63%
NiNickel
63%
AsArsenic
61%
PPhosphorus
61%
SiSilicon
61%
MnManganese
59%
TiTitanium
59%
CrChromium
58%
BaBarium
56%
CoCobalt
56%
GeGermanium
56%
IIodine
56%
BrBromine
55%
RnRadon
54%
GaGallium
53%
EsEinsteinium
51%
ScScandium
51%
VVanadium
51%
YYttrium
51%
BiBismuth
50%
SbAntimony
49%
CdCadmium
49%
CfCalifornium
49%
RaRadium
49%
RbRubidium
49%
FrFrancium
48%
IrIridium
48%
PuPlutonium
48%
OsOsmium
46%
WTungsten
46%
PtPlatinum
44%
SeSelenium
41%
ZrZirconium
41%
SrStrontium
40%
AcActinium
39%
RfRutherfordium
39%
InIndium
38%
PdPalladium
38%
RhRhodium
35%
LrLawrencium
34%
LvLivermorium
34%
SgSeaborgium
34%
BkBerkelium
33%
CsCaesium
33%
CeCerium
33%
ErErbium
31%
FmFermium
31%
MoMolybdenum
31%
NoNobelium
31%
PoPolonium
31%
YbYtterbium
31%
BhBohrium
30%
HfHafnium
30%
NpNeptunium
30%
ThThorium
30%
MdMendelevium
29%
LaLanthanum
28%
ReRhenium
28%
CmCurium
26%
HoHolmium
26%
PmPromethium
26%
TcTechnetium
26%
CnCopernicium
25%
NbNiobium
25%
RuRuthenium
25%
DyDysprosium
24%
McMoscovium
24%
FlFlerovium
23%
MtMeitnerium
23%
NdNeodymium
23%
SmSamarium
23%
TlThalium
23%
HsHassium
21%
NhNihonium
21%
TbTerbium
21%
GdGadolinium
20%
TaTantalum
20%
TeTellurium
20%
RgRoentgenium
19%
TmThulium
16%
TsTenessine
13%
AmAmercium
10%
AtAstantine
3%
DsDarmstatium
3%
DbDubium
3%
LuLutenium
3%
OgOrganesson
3%
EuEurophium
0%
PrPraeseodynium
0%
PaProtatanium
0%

Score Distribution

Percentile by Number Answered

Percent of People with Each Score

Your Score History

You have not taken this quiz